Вплив прийменників та прислівників на формування семантики усталених виразів з дієсловом to take (Запис № 283924)

МАРК-запис
000 -LEADER
fixed length control field 01705nam a22001577a 4500
041 ## - LANGUAGE CODE
Language code of text/sound track or separate title ukr
080 ## - UNIVERSAL DECIMAL CLASSIFICATION NUMBER
Universal Decimal Classification number 09
090 ## - LOCALLY ASSIGNED LC-TYPE CALL NUMBER (OCLC); LOCAL CALL NUMBER (OCLC)
Local cutter number (OCLC) ; Book number/undivided call number, CALL (RLIN) ГВО
100 ## - MAIN ENTRY--PERSONAL NAME
Personal name Голік В.О.
245 ## - TITLE STATEMENT
Title Вплив прийменників та прислівників на формування семантики усталених виразів з дієсловом to take
260 ## - PUBLICATION, DISTRIBUTION, ETC. (IMPRINT)
Place of publication, distribution, etc Острог
Name of publisher, distributor, etc КАФ
Date of publication, distribution, etc 2007
300 ## - PHYSICAL DESCRIPTION
Extent 52
520 ## - SUMMARY, ETC.
Summary, etc ВСТУП.<br/>РОЗДІЛ 1. ЛЕКСИКО СЕМАНТИЧНЕ ПОЛЕ ТА ЙОГО ДОСЛІДЖЕННЯ.<br/>1.1. Семантика як наука.<br/>1.2. Визначення поняття "лексико семантичне поле" та його характерні особливості.<br/>1.3. Типи семантичних полів.<br/>1.4. Системні зв’язки.<br/>1.4.1. Полісемія у семантиці.<br/>1.4.2. Лексична і фразеологічна омонімія.<br/>1.4.3. Лексична і фразеологічна синонімія.<br/>1.4.4. Лексична і фразеологічна антонімія.<br/>1.5. Семантичні зв’язки та типи значень.<br/>1.6. Фразеологічні одиниці та їх класифікація.<br/>РОЗДІЛ 2. ОПИС СЕМАНТИКИ УСТАЛЕНИХ ВИРАЗІВ З ДІЄСЛОВОМ TO TAKE.<br/>2.1. Прийменники в англійській мові, їх семантика та функції.<br/>2.2. Особливості вживання прийменників з дієсловом to take.<br/>ВИСНОВКИ.
-- Семантика виразів, прийменники, прислівники.
650 ## - SUBJECT ADDED ENTRY--TOPICAL TERM
Topical term or geographic name as entry element Research Papers
942 ## - ADDED ENTRY ELEMENTS (KOHA)
Koha item type Книги
Фонди
Withdrawn status Lost status Source of classification or shelving scheme Damaged status Not for loan Home library Current library Date acquired Source of acquisition Cost, normal purchase price Total Checkouts Full call number Barcode Date last seen Price effective from Koha item type
    Universal Decimal Classification     Ресурсний центр вивчення іноземних мов ім. Олексія Ізментінова Ресурсний центр вивчення іноземних мов ім. Олексія Ізментінова 16/04/2009 Акт №1 1.00   09 213509 20/12/2021 16/04/2009 Книги